La derrota : novela de estudiantes /

Bibliographic Details
Main Author: Sanchéz Gómez, Gregorio (Author)
Other Authors: Clavijo Barreto, David (contributor agent of text.)
Format: Electronic eBook
Language:Spanish
Published: Bogotá : Editorial UTADEO, [2025]
Edition:Primera edición.
Subjects:
Online Access:Digitalia Hispánica

MARC

LEADER 00000nam a2200000Ii 4500
001 DIGEJTLOZ242
003 NyNyDIG
006 m o d
007 cr |||||||||||
008 260205s2025 ck b o 000 f spa d
035 |a (OCoLC)1559148318 
040 |a DGITA  |b eng  |e rda  |e pn  |c DGITA 
020 |a 9789587253818  |q pdf 
020 |z 9789587253801  |q impreso 
024 7 |a https://doi.org/10.21789/9789587253801  |2 doi 
050 1 4 |a PQ8179.S34 ebook 
100 1 |a Sanchéz Gómez, Gregorio,  |e author. 
245 1 3 |a La derrota :  |b novela de estudiantes /  |c Gregorio Sanchéz Gómez ; prólogo de Michel Clavijo Barreto. 
246 3 0 |a Novela de estudiantes 
250 |a Primera edición. 
264 1 |a Bogotá :  |b Editorial UTADEO,  |c [2025] 
300 |a 1 online resource. 
336 |a text  |b txt  |2 rdacontent 
337 |a computer  |b c  |2 rdamedia 
338 |a online resource  |b cr  |2 rdacarrier 
347 |a text file  |2 rdaft 
347 |b PDF 
504 |a Includes bibliographical references. 
588 0 |a Online resource; title from PDF title page (Digitalia, viewed February 5, 2026) 
655 7 |a Novels.  |2 lcgft 
700 1 |a Clavijo Barreto, David,  |e contributor agent of text. 
791 2 |a Digitalia (Firm),  |e distributor. 
793 0 |g Digitalia eBook Collection:  |a Editorial Jorge Tadeo Lozano 
776 0 8 |i Print version:  |a Sanchéz Gómez, Gregorio.  |t Derrota.  |b Primera edición.  |d Bogotá : Editorial UTADEO, [2025]  |z 9789587253801 
856 4 0 |3 Digitalia Hispánica  |u https://www.digitaliapublishing.com/a/183469/ 
910 |a Premium collection: 2026